LEADER 01322nam a2200277 i 4500 001 000000225485 003 CaOOAMICUS 005 20131206000000.0 008 131206s2013 it u000 u ita u 013 $a204387 020 $a978-88-213-0785-8 040 $aSeMil$bita 245 10$aSalesiani e Figlie di Maria Ausiliatrice in Italia :$bun comune percorso educativo (1859-2010) /$ca cura di Francesco Motto, Grazia Loparco. 260 $aRoma :$bLAS,$c2013. 300 $a178 p. :$bill. ;$c23 cm. 500 $aSul front. : Nell'ambito di Esperienza Italia 150. 650 4$aFiglie di Maria Ausiliatrice - Attivitą educativa - Italia.$0(OLS)http://semarc/subject/38450 700 1 $aSalesiani .$0(OLS)http://semarc/name/2446 700 1 $aLoparco, Grazia <1960- >.$0(OLS)http://semarc/name/44837 700 1 $aMotto, Francesco,$c.$0(OLS)http://semarc/name/5037 850 $aSeMil 852 $aSeMil$W1$xVenegono$y1$m3G IV 322/1$j175831$B175831$CSeMilBibl$Z2$F186347 $81 961 $aOmaggio: Casa editrice 996 $6020$a978-88-213-0785-8$9(OLS)http://semarc/number/226376 996 $6245$aSalesiani e Figlie di Maria Ausiliatrice in Italia :$bun comune percorso educativo (1859-2010)$9(OLS)http://semarc/title/322998 996 $6260$aRoma :$bLAS$9(OLS)http://semarc/publisher/29900 LEADER 00995nam a2200229 i 4500 001 000000110119 003 CaOOAMICUS 005 20021121000000.0 008 021121s1978 it u000 u ita u 013 $a82800 040 $aSeMil$bita 100 1 $aToscani, Claudio.$0(OLS)http://semarc/name/17478 245 13$aLa metastasi analitica :$bletteratura e critica letteraria nei confronti della psicanalisi /$cClaudio Toscani. 260 $aMilano :$bEffe Emme,$c1978. 300 $a177 p. ;$c20 cm. 500 $aContiene : bibliografia generale. 650 4$aLetteratura e psicanalisi.$0(OLS)http://semarc/subject/5618 850 $aSeMil 852 $aSeMil$W1$xVenegono$y1$m502 1 1 *$j66035$B66035$CSeMilBibl$Z2$F73095 $81 961 $aRecupero: Biblioteca Seminario Liceale 996 $6245$aLa metastasi analitica :$bletteratura e critica letteraria nei confronti della psicanalisi$9(OLS)http://semarc/title/160026 996 $6260$aMilano :$bEffe Emme$9(OLS)http://semarc/publisher/45070